Guess the Taylor Swift song no hints #38 - Statistics

General Stats
  • This quiz has been taken 62 times
  • The average score is 292 of 383
Answer Stats
Answer % Correct
a
100%
I
100%
you
100%
You
100%
in
98%
We
98%
we
98%
an
94%
And
94%
and
94%
me
94%
the
94%
when
94%
I'm
91%
of
91%
on
91%
to
91%
your
91%
it
89%
my
89%
so
89%
were
89%
go
87%
if
87%
is
87%
never
87%
say
87%
this
87%
get
85%
I'd
85%
that
85%
That
85%
then
85%
ever
83%
Back
81%
back
81%
by
81%
how
81%
as
79%
As
79%
car
79%
could
79%
That's
79%
than
77%
us
77%
was
77%
But
74%
time
74%
away
72%
baby
72%
don't
72%
just
72%
something
72%
again
70%
lose
70%
place
70%
walk
70%
Walk
70%
backseat
68%
Cornelia
68%
ends
68%
hope
68%
Street
68%
street
68%
thought
68%
bar
66%
drinks
66%
Drunk
66%
heartbreak
66%
kind
66%
rent
66%
stronger
66%
yours
66%
knew
64%
terrified
64%
casually
62%
even
62%
gone
62%
hand
62%
mend
62%
Oh
62%
Before
60%
before
60%
city
60%
(city
60%
home
60%
left
60%
mystified
60%
name
60%
name)
60%
right
60%
screams
60%
wanna
60%
Leading
57%
leading
57%
lights
55%
hold
53%
new
53%
yeah
53%
around
49%
arrowhead
49%
bags
49%
became
49%
floor
49%
open
49%
packed
49%
pointed
49%
round
49%
apartment
47%
blanks
47%
card
47%
creaks
47%
Filling
47%
fresh
47%
games
47%
hit
47%
Jacket
47%
page
47%
playing
47%
religion
47%
Sat
47%
shoulders
47%
showed
47%
Years
47%
ago
45%
air
45%
called
45%
listen
45%
Memorize
45%
Sacred
45%
tunnel
45%
Window's
45%
autumn
43%
Barefoot
43%
beginnings
43%
desk
43%
kitchen
43%
roof
43%
bless
40%
inside
40%
sharks
40%
turned
40%
rains
38%
swung
15%
No matching quizzes found
Score Distribution
Percent of People with Each Score
Percentile by Number Answered
Your Score History
You have not taken this quiz